Welcome to CU Library Online Public Access Catalogue (OPAC)

The business environment (Record no. 8656)

MARC details
000 -LEADER
fixed length control field 00402nam a2200181 4500
005 - DATE AND TIME OF LATEST TRANSACTION
control field 20260203132720.0
008 - FIXED-LENGTH DATA ELEMENTS--GENERAL INFORMATION
fixed length control field cuc123
020 ## - INTERNATIONAL STANDARD BOOK NUMBER
International Standard Book Number 9780077119720
050 ## - LIBRARY OF CONGRESS CALL NUMBER
Classification number HF 5415 PAL
Item number 1
100 ## - MAIN ENTRY--PERSONAL NAME
Personal name PALMER, Adrian
245 ## - TITLE STATEMENT
Title The business environment
250 ## - EDITION STATEMENT
Edition statement 6th
260 ## - PUBLICATION, DISTRIBUTION, ETC.
Place of publication, distribution, etc. London
Name of publisher, distributor, etc. McGRAW- Hill
Date of publication, distribution, etc. 2009
300 ## - PHYSICAL DESCRIPTION
Extent xvii,586p
500 ## - GENERAL NOTE
General note index,
700 ## - ADDED ENTRY--PERSONAL NAME
Personal name HARTLEY, Bob
942 ## - ADDED ENTRY ELEMENTS (KOHA)
Source of classification or shelving scheme Library of Congress Classification
Koha item type Books
Suppress in OPAC No
999 ## -
-- 8656
-- 8656
Holdings
Withdrawn status Lost status Source of classification or shelving scheme Damaged status Not for loan Collection Home library Current library Shelving location Date acquired Total checkouts Full call number Barcode Date last seen Copy number Price effective from Koha item type Public note
    Library of Congress Classification     Non-fiction Graduate Library (Christ Temple) Graduate Library (Christ Temple) General stacks 02/03/2026   HF5415. PAL GSCT00002207 02/03/2026 1 02/03/2026 Books EAQ
© 2023-2024 Copyright: Central University Libraries. All Rights Reserved | Created by: Mahone Tech Office